| 000 | 00447 a2200157 4500 | ||
|---|---|---|---|
| 005 | 20250403092455.0 | ||
| 020 | _a0-02-424210-1 | ||
| 082 | _a519.024 WAL | ||
| 100 | _aWALPOLE, R. E. | ||
| 245 | _aProbability and Statistics for Engineers and Scientists. | ||
| 250 | _a4th Ed. | ||
| 260 |
_aNew York, _bMacmillan Publishing Company, _c1989. |
||
| 300 |
_axiv, 765p.: ill.; figure, table _bIndex _c25cm |
||
| 700 | _aMYERS, R. H. | ||
| 942 |
_2ddc _cBKS |
||
| 999 |
_c1054 _d1054 |
||